Classement Premier League 2023-2024 - Statistiques

Statistiques générales
  • Ce quiz a été pris 282 fois
  • Le résultat moyen est 14 sur 20
Statistiques - réponses
Classement Club % Correct
1 Manchester City (91 pts)
100%
3 Liverpool (82 pts)
99%
2 Arsenal (89 pts)
98%
8 Manchester United (60 pts)
98%
6 Chelsea (63 pts)
94%
4 Aston Villa (68 pts)
92%
5 Tottenham (66 pts)
87%
7 Newcastle (60 pts)
74%
9 West Ham (52 pts)
71%
11 Brighton (48 pts)
70%
15 Everton (40 pts)
68%
19 Burnley (24 pts)
63%
10 Crystal Palace (49 pts)
62%
18 Luton Town (26 pts)
60%
14 Wolverhampton Wanderers (46 pts)
60%
17 Nottingham Forest (32 pts)
56%
13 Fulham (47 pts)
49%
16 Brentford (39 pts)
48%
12 Bournemouth (48 pts)
44%
20 Sheffield United (16 pts)
41%
Aucun quiz correspondant
Distribution des résultats
% des personnes avec chaque résultat
Percentile par nombre de réponses
Votre historique - résultats
Vous n’avez pas pris ce quiz